Eina de gestió : quadre resum d'indicadors d'OMICs : resultats any 2008 : versió de lliure difusió quadre resum d'indicadors d'OMICs :
Publicado:
Barcelona :
Diputació de Barcelona. Àrea de Salut Pública i Consum. Servei de Suport a les Polítiques de Consum : Àrea d'Hisenda i Recursos Interns. Servei de Programació ,
2009
Descripción Física:
50 p. : quadres ; 29 cm
MARC
| LEADER | 00000nam a2200000Ia 4500 | ||
|---|---|---|---|
| 001 | 21918 | ||
| 008 | 160829s2009 xx 000 0 cat d | ||
| 080 | |a M-6-266 | ||
| 245 | |a Eina de gestió : |b quadre resum d'indicadors d'OMICs : |b resultats any 2008 : |b versió de lliure difusió | ||
| 260 | |a Barcelona: |b Diputació de Barcelona. Àrea de Salut Pública i Consum. Servei de Suport a les Polítiques de Consum : |b Àrea d'Hisenda i Recursos Interns. Servei de Programació, |c 2009 | ||
| 300 | |a 50 p. : |b quadres ; |c 29 cm | ||
| 650 | 0 | |a Serveis municipals |x Barcelona (Catalunya : Província) |9 30634 | |
| 650 | |a Oficines Municipals d'Informació als Consumidors (OMIC) |9 46145 | ||
| 710 | |a Barcelona (Catalunya : Província). |b Servei de Programació |9 53631 | ||
| 710 | 1 | |a Barcelona (Catalunya : Província). |b Servei de Suport a les Polítiques de Consum |9 52739 | |
| 901 | |a Arxiu | ||
| 942 | |n 1 | ||
| 952 | |0 0 |1 0 |4 0 |6 M6266 |7 1 |9 53030 |a Arxiu |b Arxiu |d 2016-12-01 |l 0 |o M-6-266 |p 21918 |r 2016-12-01 00:00:00 |w 2016-12-01 |y ARXIU | ||
| 999 | |c 56879 |d 56879 | ||